Organic chemistry: (Record no. 2110)

MARC details
000 -LEADER
fixed length control field 00604nam a22002177a 4500
003 - CONTROL NUMBER IDENTIFIER
control field OSt
005 - DATE AND TIME OF LATEST TRANSACTION
control field 20150619145755.0
008 - FIXED-LENGTH DATA ELEMENTS--GENERAL INFORMATION
fixed length control field 150619b xxu||||| |||| 00| 0 eng d
020 ## - INTERNATIONAL STANDARD BOOK NUMBER
International Standard Book Number 9781464120275
040 ## - CATALOGING SOURCE
Transcribing agency DDC
082 ## - DEWEY DECIMAL CLASSIFICATION NUMBER
Edition number 22nd ed.
Classification number 547 VOL 2014
100 ## - MAIN ENTRY--PERSONAL NAME
Personal name Vollhardt, Peter
9 (RLIN) 5454
245 ## - TITLE STATEMENT
Title Organic chemistry:
Remainder of title structure and function
250 ## - EDITION STATEMENT
Edition statement 7th ed.
260 ## - PUBLICATION, DISTRIBUTION, ETC. (IMPRINT)
Place of publication, distribution, etc. New York;
Name of publisher, distributor, etc. W.H Freeman,
Date of publication, distribution, etc. 2014
300 ## - PHYSICAL DESCRIPTION
Extent xxxiv,1223p;
Other physical details col.ill:
Dimensions 28cm
504 ## - BIBLIOGRAPHY, ETC. NOTE
Bibliography, etc Answers, credit, & index included
650 ## - SUBJECT ADDED ENTRY--TOPICAL TERM
Topical term or geographic name as entry element Organic chemistry
9 (RLIN) 814
700 ## - ADDED ENTRY--PERSONAL NAME
Personal name Schore, Neil
9 (RLIN) 5455
942 ## - ADDED ENTRY ELEMENTS (KOHA)
Source of classification or shelving scheme Other/Generic Classification Scheme
Koha item type Open Shelf
Holdings
Withdrawn status Lost status Source of classification or shelving scheme Damaged status Not for loan Home library Current library Date acquired Source of acquisition Inventory number Total Checkouts Full call number Barcode Date last seen Date last checked out Koha item type
    Dewey Decimal Classification     MUST Main Library MUST Main Library 19/06/2015   15/39077 1 547 VOL 2014 2015-1981 17/02/2022 27/01/2022 Open Shelf